Most successful stories of fiscal consolidation diplomová práca

Guardado en:
Detalles Bibliográficos
Autor principal: Križan, Milan
Autor Corporativo: Národohospodárska fakulta EU. Katedra financií
Otros Autores: Ochotnický, Pavol
Formato: Libro
Lenguaje:inglés
Publicado: Bratislava 2017
Etiquetas: Agregar Etiqueta
Sin Etiquetas, Sea el primero en etiquetar este registro!

MARC

LEADER 00000nbm a2200000 4500
001 0231846
005 20171127145723.2
041 0 |a eng 
044 |a SK 
245 1 0 |a Most successful stories of fiscal consolidation  |b diplomová práca  |c Milan Križan ; školiteľ: Pavol Ochotnický 
264 1 |a Bratislava  |c 2017 
300 |a 81 s. 
100 1 |a Križan, Milan 
700 1 |a Ochotnický, Pavol 
710 2 |a Národohospodárska fakulta EU. Katedra financií